00000000nam##2200000za#4500
0019.523495
003CaOODSP
00520210615083023
007ta
008150406|1994||||xxc|||||     f|0| 0 fre|d
020 |a0-660-58989-3
022 |a0706-148X
040 |aCaOODSP|bfre
041 |aeng
041 |afre
043 |an-cn---
0861 |aS52-2/221-1994
1101 |aCanada.|bTravaux publics et Services gouvernementaux Canada. |bServices de traduction.
24510|aLexique de la lutte intégrée / |cpar Charles Vincent et al.
260 |aOttawa - Ontario : |bTravaux publics et Services gouvernementaux Canada. |c1994.
300 |axiii, 141p. ; |c22 cm.
4901 |aBulletin de terminologie|x0706-148X|v221
500 |aMot symbole sur la couverture: Série environnement.
5203 |aCe lexique contient 1 100 termes anglais et français se rapportant aux méthodes de contrôle biologique, chimique, culturel et physique utilisées dans la protection des cultures.
546 |aBilingue
563 |aCouverture souple
590 |a94-09|b1994-03-04
69107|aTerminologie|2gcpds
69107|aOrganisme nuisible|2gcpds
7201 |aVincent, Charles
7760#|tIntegrated pest management glossary / |w(CaOODSP)9.590551
791 |tIntegrated pest management glossary / |eeng|w(CaOODSP)9.523494
830#0|aBulletin de terminologie,|x0706-148X|v221|w(CaOODSP)9.509599